| 000 | 00393nam a2200133Ia 4500 | ||
|---|---|---|---|
| 008 | 220217s9999||||xx |||||||||||||| ||und|| | ||
| 020 | _a81-7366-319-X | ||
| 082 | _a005.13 ALB | ||
| 100 |
_aAlbahari, Ben Drayton, Peter & Merrial, Brad _93544 |
||
| 245 | 0 | _aC# essentials | |
| 260 |
_aShroff publishers and distributers _bMumbai _c2001 |
||
| 300 | _b175 | ||
| 650 | _aPROGRAMMING LANGUAGE | ||
| 999 |
_c176615 _d176615 |
||